00880ntm a22002177a 450000500170000000800410001704000280005808200170008610000330010324500810013626000090021730000350022650001880026159000110044965000440046065300230050465500090052794200080053699900170054495201010056120170809114707.0170802s2013 xx a frb 000 0 eng d aEG-ScBUEbengcEG-ScBUE04222a621bHAM1 aHamouda, Ahmed Atif Hussein.1 aHeat loss recovery using silicon nanowires /cby Ahmed Atef Hussein Hamouda. c2013 a52 p. :bill. (col.) ;c28 cm. aA dissertation submitted to the faculty of engineering. the British university in Egypt, in partial Fulfillment of the requirements for the bachelor degree in Mechanical Engineering.  akarima 72BUEshaMechanical EngineeringvProjects bENGMECcAugust2017 vSPRO 2ddc c25291d25263 00102ddc4070aMAINbMAINc2NDd2017-08-08l0o621 HAMp000046385r2025-07-15 00:00:00yPROJST